Every Rivian Vehicle by Picture - Statistics

General Stats
  • This quiz has been taken 21 times
  • The average score is 5 of 6
Answer Stats
Picture Hint Answer % Correct
2022-present R1S
90%
2022-present R1T
90%
2026* R2
80%
2026* R3
80%
2026* R3X
70%
2021-present EDV
60%
No matching quizzes found
Score Distribution
Percent of People with Each Score
Percentile by Number Answered
Your Score History
You have not taken this quiz